000 00280nam a2200109Ia 4500
008 190216s9999||||xx |||||||||||||| ||und||
100 _aPadmanabha Menon
245 0 _aSahakarana Sanganalude Gadanayum Pravarthanavum
260 _bBhasha Institute
650 _aCommerce
942 _cBK
999 _c5272
_d5272